000 00377nam a2200157Ia 4500
005 20240611030748.0
008 240331s9999 xx 000 0 und d
082 _bROL
_a332
245 4 _aThe role and training of development activists
260 _aIndia
_c1983
300 _a62 p .,
650 _aSocial
650 _aDevelopment
700 _aBhasin, K.
_eedt
942 _cL
999 _c2750
_d2750